000 00989nam a22002177a 4500
999 _c14253
_d14253
003 AR-CdUCM
008 190422b ||||| |||| 00| 0 spa d
040 _aMUNICIPALIDAD PROVINCIAL DEL CUSCO
_cBIBLIOTECA MUNICIPAL DEL CUSCO
082 _aC / 301 /
_bT95
110 _aConsejo provincial del Cuzco
_932962
245 _aConsejo provincial del Cuzco inspección de turismo i propaganda :
_bOrganización del servicio aéreo Cuzco - Apurimac - Ayacucho - Huancavelica - Ica - Lima - i otros problemas /
260 _aCuzco :
_bMercantil,
_c1930.
300 _a21 páginas ;
_c18 cm.
505 _aContenido : La necesidad vital de modernizar los sistemas de transporte -- Es urgente el establecimiento de una ruta aérea, que salve al Cuzco de su actual aislamiento ...
650 _aConsejo provincial del Cuzco
_932963
650 _aTransportes
_932964
650 _aInspección
_932965
700 _aAranibar, Nazario C.
_932966
942 _2ddc
_cFOLLETOS
945 _arah
_d22/04/2019